|
|
|
|
| LEADER |
01216nam a2200337 a 4500 |
| 001 |
42367 |
| 003 |
BD-DhAAL |
| 005 |
20240306144650.0 |
| 008 |
240306t1987 enka b 001 0 eng c |
| 010 |
|
|
|a 86020994
|
| 020 |
|
|
|a 0852008589 :
|c $40.00 (U.S. : est.)
|
| 020 |
|
|
|a 0852009909 (pbk.) :
|c $20.00 (U.S. : est.)
|
| 040 |
|
|
|a DNLM/DLC
|c DLC
|d DLC
|d BD-DhAAL
|
| 050 |
0 |
0 |
|a RC262
|b .C29118 1987
|
| 060 |
|
|
|a OZ 200 C2153633
|
| 082 |
0 |
0 |
|a 616.994
|2 19
|
| 245 |
0 |
0 |
|a Cancer pain /
|c edited by Mark Swerdlow and Vittorio Ventafridda.
|
| 260 |
|
|
|a Lancaster ;
|a Boston :
|b MTP Press,
|c c1987.
|
| 300 |
|
|
|a xiii, 196 pages :
|b illustrations ;
|c 25 cm.
|
| 504 |
|
|
|a Includes bibliographies and index.
|
| 541 |
|
|
|a Complimentary copy
|e 42367
|
| 650 |
|
0 |
|a Cancer pain.
|9 56087
|
| 650 |
|
0 |
|a Intractable pain.
|9 56088
|
| 650 |
|
0 |
|a Analgesia.
|9 41924
|
| 650 |
|
2 |
|a Neoplasms.
|
| 650 |
|
2 |
|a Pain
|x therapy.
|9 41929
|
| 700 |
1 |
|
|a Swerdlow, Mark.
|9 56089
|
| 700 |
1 |
|
|a Ventafridda, Vittorio.
|9 56090
|
| 942 |
|
|
|2 ddc
|c BK
|
| 999 |
|
|
|c 46442
|d 46442
|
| 952 |
|
|
|0 0
|1 0
|2 ddc
|4 0
|6 616_994000000000000_CAN
|7 0
|9 75226
|a SCL
|b SCL
|c GEN
|d 2024-03-06
|e Complimentary copy
|l 1
|m 9
|o 616.994 CAN
|p 3020042367
|r 2025-09-15
|s 2025-07-02
|t 1
|w 2024-03-06
|y BK
|